| Tag |
First Indicator |
Second Indicator |
Subfields |
| LEADER |
00000cgm a2200000Mi 4500 |
| 001 |
in00005586621 |
| 006 |
m o c |
| 007 |
cr |n||||||||a |
| 007 |
vz |za|z| |
| 008 |
210917s1981 xx 022 e o vneng d |
| 005 |
20241201233042.3 |
| 035 |
|
|
|a (OCoLC)on1339252815
|
| 040 |
|
|
|a Q2U
|b eng
|e rda
|c Q2U
|d DXU
|
| 019 |
|
|
|a 1316230378
|a 1380587033
|a 1395579622
|
| 035 |
|
|
|a (OCoLC)1339252815
|z (OCoLC)1316230378
|z (OCoLC)1380587033
|z (OCoLC)1395579622
|
| 049 |
|
|
|a TXAM
|
| 245 |
0 |
0 |
|a Barbados Opening July 19 - Tape 4.
|
| 246 |
3 |
3 |
|a Barbados Opening
|
| 264 |
|
1 |
|a Trinidad and Tobago :
|b Banyan Archive,
|c 1981.
|
| 300 |
|
|
|a 1 online resource (22 minutes).
|
| 306 |
|
|
|a 002157
|
| 336 |
|
|
|a two-dimensional moving image
|b tdi
|2 rdacontent
|
| 337 |
|
|
|a computer
|b c
|2 rdamedia
|
| 337 |
|
|
|a video
|b v
|2 rdamedia
|
| 338 |
|
|
|a online resource
|b cr
|2 rdacarrier
|
| 347 |
|
|
|a video file
|2 rda
|
| 490 |
0 |
|
|a CARIFESTA
|
| 520 |
|
|
|a This video, is about the Caribbean Festival of the Arts in Barbados in 1981. Dance, drama, visual arts, literature and music.
|
| 500 |
|
|
|a Title from resource description page (viewed September 17, 2021).
|
| 546 |
|
|
|a In English.
|
| 650 |
|
4 |
|a Cultural anthropology.
|
| 655 |
|
4 |
|a Documentary.
|
| 700 |
1 |
|
|a Paddington, Bruce,
|e producer.
|
| 856 |
4 |
0 |
|u http://proxy.library.tamu.edu/login?url=https://www.aspresolver.com/aspresolver.asp?MARC;3277168
|z Connect to this streaming video (Alexander Street Press)
|t 0
|
| 955 |
|
|
|a Alexander Street Press subscription streaming video
|
| 994 |
|
|
|a 92
|b TXA
|
| 999 |
f |
f |
|s f4df17ec-b52a-4242-8fb4-00e7685bb3c0
|i 1be10fac-571e-4961-8114-80db83323736
|t 0
|
| 952 |
f |
f |
|a Texas A&M University
|b College Station
|c Electronic Resources
|d Available Online
|t 0
|h Library of Congress classification
|
| 998 |
f |
f |
|t 0
|l Available Online
|